|
|
|
|
| LEADER |
02497nam a2200673 a 4500 |
| 001 |
nkc20091966780 |
| 003 |
CZ PrNK |
| 005 |
20170201235007.0 |
| 007 |
ta |
| 008 |
090708s2009 xr a f 001 0 cze |
| 015 |
|
|
|a cnb001966780
|
| 020 |
|
|
|a 978-80-200-1765-9
|q (váz.)
|
| 035 |
|
|
|a (OCoLC)480863143
|
| 040 |
|
|
|a ABA001
|b cze
|
| 041 |
1 |
|
|a cze
|a eng
|h cze
|
| 072 |
|
7 |
|a 616
|x Patologie. Klinická medicína
|2 Konspekt
|9 14
|
| 080 |
|
|
|a 616.717
|2 MRF
|
| 080 |
|
|
|a 616.718
|2 MRF
|
| 080 |
|
|
|a 616.727
|2 MRF
|
| 080 |
|
|
|a 616.728
|2 MRF
|
| 080 |
|
|
|a 611.018.4
|2 MRF
|
| 080 |
|
|
|a 616.71
|2 MRF
|
| 080 |
|
|
|a 616.72
|2 MRF
|
| 080 |
|
|
|a (084.42)
|2 MRF
|
| 100 |
1 |
|
|a Smrčka, Václav,
|d 1951-
|7 mzk2005290080
|4 aut
|
| 245 |
1 |
0 |
|a Atlas chorob na kostních preparátech :
|b horní a dolní končetiny = Atlas of diseases in dry bones : upper and lower extremities /
|c Václav Smrčka, Vítězslav Kuželka, Ctibor Povýšil
|
| 246 |
3 |
0 |
|a Horní a dolní končetiny
|
| 246 |
3 |
0 |
|a Upper and lower extremities
|
| 246 |
3 |
1 |
|a Atlas of diseases in dry bones
|
| 250 |
|
|
|a Vyd. 1.
|
| 260 |
|
|
|a Praha :
|b Academia,
|c 2009
|
| 300 |
|
|
|a 615 s. :
|b il. ;
|c 29 cm
|
| 500 |
|
|
|a Terminologický slovník
|
| 504 |
|
|
|a Obsahuje bibliografii a rejstřík
|
| 546 |
|
|
|a Souběžný anglický text
|
| 650 |
0 |
7 |
|a kosti horních končetin
|7 ph527113
|2 czenas
|
| 650 |
0 |
7 |
|a kosti dolních končetin
|7 ph327623
|2 czenas
|
| 650 |
0 |
7 |
|a klouby horních končetin
|7 ph503941
|2 czenas
|
| 650 |
0 |
7 |
|a klouby dolních končetin
|7 ph158515
|2 czenas
|
| 650 |
0 |
7 |
|a kostní tkáň
|7 ph169361
|2 czenas
|
| 650 |
0 |
7 |
|a nemoci kostí
|7 ph136970
|2 czenas
|
| 650 |
0 |
7 |
|a nemoci kloubů
|7 ph137965
|2 czenas
|
| 650 |
0 |
9 |
|a upper limb bones
|2 eczenas
|
| 650 |
0 |
9 |
|a lower limb bones
|2 eczenas
|
| 650 |
0 |
9 |
|a upper limb joints
|2 eczenas
|
| 650 |
0 |
9 |
|a lower limb joints
|2 eczenas
|
| 650 |
0 |
9 |
|a bone tissue
|2 eczenas
|
| 650 |
0 |
9 |
|a bone diseases
|2 eczenas
|
| 650 |
0 |
9 |
|a joint diseases
|2 eczenas
|
| 655 |
|
7 |
|a atlasy
|7 fd131835
|2 czenas
|
| 655 |
|
9 |
|a atlases
|2 eczenas
|
| 700 |
1 |
|
|a Kuželka, Vítězslav,
|d 1951-
|7 xx0072006
|4 aut
|
| 700 |
1 |
|
|a Povýšil, Ctibor,
|d 1943-
|7 jn20001103579
|4 aut
|
| 856 |
4 |
1 |
|u http://www.digitalniknihovna.cz/mzk/uuid/uuid:11d9c790-d8c9-11e6-8010-005056827e51
|y Digitalizovaný dokument
|x NDK
|
| 910 |
2 |
|
|a BOA001
|b 4-1233.030
|
| 990 |
|
|
|a BK
|
| 995 |
|
|
|a 01
|
| 991 |
|
|
|b 200911
|c NOV
|j 616.7 SMR
|
| 996 |
6 |
|
|b 2610395019
|c 4-1233.030
|l MZK
|r Sklad / do 1 hodiny
|n 1
|p p.v.
|w 000971583
|u 000010
|a 1
|e BOA001
|j MZK50
|s P
|